<?xml version="1.0" encoding="UTF-8"?>
<record
    xmlns:xsi="http://www.w3.org/2001/XMLSchema-instance"
    xsi:schemaLocation="http://www.loc.gov/MARC21/slim http://www.loc.gov/standards/marcxml/schema/MARC21slim.xsd"
    xmlns="http://www.loc.gov/MARC21/slim">

  <leader>01209nam a22002657a 4500</leader>
  <controlfield tag="003">NALT</controlfield>
  <controlfield tag="005">20241026122723.0</controlfield>
  <controlfield tag="008">211123b        th ||||| |||| 00| 0 tha d</controlfield>
  <datafield tag="020" ind1=" " ind2=" ">
    <subfield code="a">9786165432344</subfield>
  </datafield>
  <datafield tag="040" ind1=" " ind2=" ">
    <subfield code="a">NALT</subfield>
  </datafield>
  <datafield tag="041" ind1=" " ind2=" ">
    <subfield code="a">tha</subfield>
  </datafield>
  <datafield tag="050" ind1=" " ind2=" ">
    <subfield code="a">DS 589.T7</subfield>
    <subfield code="b">&#xE28;528&#xE1B; 2556</subfield>
  </datafield>
  <datafield tag="110" ind1="2" ind2=" ">
    <subfield code="9">14127</subfield>
    <subfield code="a">&#xE01;&#xE23;&#xE21;&#xE28;&#xE34;&#xE25;&#xE1B;&#xE32;&#xE01;&#xE23;</subfield>
  </datafield>
  <datafield tag="245" ind1="1" ind2="0">
    <subfield code="a">&#xE1B;&#xE01;&#xE34;&#xE13;&#xE01;&#xE28;&#xE34;&#xE25;&#xE1B;&#xE27;&#xE31;&#xE12;&#xE19;&#xE18;&#xE23;&#xE23;&#xE21; &#xE40;&#xE25;&#xE48;&#xE21; 19 &#xE08;&#xE31;&#xE07;&#xE2B;&#xE27;&#xE31;&#xE14;&#xE15;&#xE23;&#xE32;&#xE14; /</subfield>
    <subfield code="c">&#xE01;&#xE23;&#xE21;&#xE28;&#xE34;&#xE25;&#xE1B;&#xE32;&#xE01;&#xE23;.</subfield>
  </datafield>
  <datafield tag="250" ind1=" " ind2=" ">
    <subfield code="a">&#xE1E;&#xE34;&#xE21;&#xE1E;&#xE4C;&#xE04;&#xE23;&#xE31;&#xE49;&#xE07;&#xE41;&#xE23;&#xE01;.</subfield>
  </datafield>
  <datafield tag="260" ind1=" " ind2=" ">
    <subfield code="a">&#xE01;&#xE23;&#xE38;&#xE07;&#xE40;&#xE17;&#xE1E;&#xE2F; :</subfield>
    <subfield code="b">&#xE01;&#xE23;&#xE21;&#xE28;&#xE34;&#xE25;&#xE1B;&#xE32;&#xE01;&#xE23; &#xE01;&#xE23;&#xE30;&#xE17;&#xE23;&#xE27;&#xE07;&#xE27;&#xE31;&#xE12;&#xE19;&#xE18;&#xE23;&#xE23;&#xE21;,</subfield>
    <subfield code="c">2556.</subfield>
  </datafield>
  <datafield tag="300" ind1=" " ind2=" ">
    <subfield code="a">184 &#xE2B;&#xE19;&#xE49;&#xE32; :</subfield>
    <subfield code="b">&#xE20;&#xE32;&#xE1E;&#xE1B;&#xE23;&#xE30;&#xE01;&#xE2D;&#xE1A; ;</subfield>
    <subfield code="c">26 &#xE0B;&#xE21;.</subfield>
  </datafield>
  <datafield tag="651" ind1=" " ind2="4">
    <subfield code="a">&#xE15;&#xE23;&#xE32;&#xE14;</subfield>
    <subfield code="x">&#xE1B;&#xE23;&#xE30;&#xE27;&#xE31;&#xE15;&#xE34;&#xE28;&#xE32;&#xE2A;&#xE15;&#xE23;&#xE4C;</subfield>
    <subfield code="9">47870</subfield>
  </datafield>
  <datafield tag="651" ind1=" " ind2="4">
    <subfield code="a">&#xE15;&#xE23;&#xE32;&#xE14;</subfield>
    <subfield code="x">&#xE04;&#xE27;&#xE32;&#xE21;&#xE40;&#xE1B;&#xE47;&#xE19;&#xE2D;&#xE22;&#xE39;&#xE48;&#xE41;&#xE25;&#xE30;&#xE1B;&#xE23;&#xE30;&#xE40;&#xE1E;&#xE13;&#xE35;</subfield>
    <subfield code="9">47869</subfield>
  </datafield>
  <datafield tag="651" ind1=" " ind2="4">
    <subfield code="a">&#xE15;&#xE23;&#xE32;&#xE14;</subfield>
    <subfield code="x">&#xE20;&#xE39;&#xE21;&#xE34;&#xE1B;&#xE23;&#xE30;&#xE40;&#xE17;&#xE28;&#xE41;&#xE25;&#xE30;&#xE01;&#xE32;&#xE23;&#xE17;&#xE48;&#xE2D;&#xE07;&#xE40;&#xE17;&#xE35;&#xE48;&#xE22;&#xE27;</subfield>
    <subfield code="9">28307</subfield>
  </datafield>
  <datafield tag="850" ind1=" " ind2=" ">
    <subfield code="a">NALT</subfield>
  </datafield>
  <datafield tag="942" ind1=" " ind2=" ">
    <subfield code="c">GB</subfield>
    <subfield code="2">lcc</subfield>
  </datafield>
  <datafield tag="996" ind1=" " ind2=" ">
    <subfield code="a">phornvitoo</subfield>
    <subfield code="b">CATSTF	</subfield>
    <subfield code="c">2024-09-14</subfield>
  </datafield>
  <datafield tag="999" ind1=" " ind2=" ">
    <subfield code="c">105718</subfield>
    <subfield code="d">105718</subfield>
  </datafield>
  <datafield tag="998" ind1=" " ind2=" ">
    <subfield code="j">3099</subfield>
    <subfield code="k"> &#xE1E;&#xE23;&#xE27;&#xE34;&#xE17;&#xE39;  &#xE42;&#xE04;&#xE49;&#xE27;&#xE04;&#xE0A;&#xE32;&#xE20;&#xE23;&#xE13;&#xE4C;</subfield>
  </datafield>
  <datafield tag="952" ind1=" " ind2=" ">
    <subfield code="0">0</subfield>
    <subfield code="1">0</subfield>
    <subfield code="2">lcc</subfield>
    <subfield code="4">0</subfield>
    <subfield code="7">0</subfield>
    <subfield code="8">CSEN</subfield>
    <subfield code="a">NALT</subfield>
    <subfield code="b">NALT</subfield>
    <subfield code="c">GEN</subfield>
    <subfield code="d">2024-09-14</subfield>
    <subfield code="l">0</subfield>
    <subfield code="o">DS 589.T7 &#xE28;528&#xE1B; 2556 &#xE25;.19</subfield>
    <subfield code="p">0100011461001</subfield>
    <subfield code="r">2024-09-14 00:00:00</subfield>
    <subfield code="w">2024-09-14</subfield>
    <subfield code="y">GB</subfield>
  </datafield>
</record>
